000 00242 a2200109 4500
001 50651
040 _cAnchieta - Pituba
240 1 0 _aDeutsch
_l
245 1 0 _aDeutsch
650 4 _aLínguas germânicas (teutônicas) língua alemã
942 _cMU
999 _c50651
_d50651